000 01155cad a22002655a 4500
001 L154391
008 111123s2011 xxkd f s 000 0 eng d
035 _a(Sirsi) u154391
041 0 _aeng
110 2 _aBuilding Cost Information Service
_91096
245 0 0 _aBCIS civil engineering market report
_h[electronic resource]
260 _a[S.l.]
_bBCIS
_c2011
490 0 _aBCIS Civil Engineering Market Report
_vOctober 2011
505 2 _aSummary -- Market size -- Trends in demand -- Trends in costs -- Demand forecast -- Cost forecast
520 _aGives an overview of the current state of the market, including trends and size, and includes predictions for the forthcoming year.
521 _aAdvanced
590 _aKA NTK
650 2 4 _aBCIS GENERAL BUILDING COST INDEX
650 2 4 _aBCIS GENERAL CIVIL ENGINEERING INDEX
651 4 _aEngland and Wales
_y1543-
690 _aBUILT ENVIRONMENT-ENGINEERING-CIVIL ENGINEERING
690 _aBUILT ENVIRONMENT-CONSTRUCTION MARKET
856 4 0 _uhttps://www.bcis.co.uk/downloads/Civil_Engineering_Market_Report_October_2011.pdf
_zView this report free of charge at www.bcis.co.uk.
942 _n0
999 _c112969
_d112969